00450nam a22001097a 4500008004100000020001500041082001500056110006600071245010300137260008800240300001200328230605b xxu||||| |||| 00| 0 eng d a9966958274 a328.3bKEN bThe Kenyan Section of the International Commission of Jurists aParliamentary Human Rights HandbookbThe Kenyan Section of the International Commission of Jurists aNairobi, KenyabThe Kenyan Section of the International Commission of Juristsc2006 aII,145p